Les crèches de Noël dans tous les pays (Record no. 262285)

000 -CABECERA
Campo de control de longitud fija 00424nam a22001457u 4500
008 - CÓDIGOS DE INFORMACIÓN DE LONGITUD FIJA
Campo de control de longitud fija 130405s¿1906? xxu||||| |||| 00| 0 fre d
041 ## - CÓDIGO DE LENGUA
Código de lengua del texto/banda sonora o título independiente fre
001 - NÚMERO DE CONTROL
Campo de control 4309
100 1# - PUNTO DE ACCESO PRINCIPAL-NOMBRE DE PERSONA
Nombre de persona Chabot. Monseigneur
9 (RLIN) 20028
245 00 - MENCIÓN DE TÍTULO
Título Les crèches de Noël dans tous les pays
Mención de responsabilidad, etc. CHABOT. Monseigneur
260 ## - PUBLICACIÓN, DISTRIBUCIÓN, ETC... (PIE DE IMPRENTA)
Lugar de publicación, distribución, etc. Pithiviers:
Nombre del editor, distribuidor, etc. Impr.Moderne,
Fecha de publicación, distribución, etc. ¿1906?
300 ## - DESCRIPCIÓN FÍSICA
Extensión 128 p.
Dimensiones ;17 cm.
650 04 - PUNTO DE ACCESO ADICIONAL DE MATERIA-TÉRMINO DE MATERIA
Término de materia o nombre geográfico como elemento inicial Liturgia
Subdivisión de materia general Navidad y adviento
9 (RLIN) 18909
942 ## - ENTRADA DE ELEMENTOS AGREGADOS (KOHA)
Koha [por defecto] tipo de item Libros
Holdings
Suprimido Perdido Estropeado No para préstamo Localización permanente Localización actual Localización en estantería Fecha adquisición Préstamos totales Signatura completa Número de Registro / Código de Barras Fecha última consulta Fecha del precio de reemplazo Tipo de item de Koha
        San Esteban San Esteban Depósito de libros 21/05/2013   264611 CHABO crech 4309 21/05/2013 21/05/2013 Libros

Bibliotecas Dominicos Provincia Hispania, 2016

Con tecnología Koha